Maat, joita vastaan Teemu Pukki on tehnyt maalin - Statistics

Yleistilastot
  • Tätä visaa on pelattu 18 kertaa
  • Keskiarvotulos 17 / 23
Vastaustilastot
Goals Country % Oikein
1 Espanja
100%
2 Portugali
100%
1 Unkari
93%
2 Viro
93%
1 Italia
87%
2 Kreikka
87%
6 Bosnia ja Hertsegovina
80%
2 Islanti
80%
3 Liechtenstein
80%
1 San Marino
80%
3 Tšekki
80%
1 Bulgaria
73%
2 Malta
73%
1 Romania
73%
1 Turkki
73%
1 Valko-Venäjä
73%
2 Ukraina
67%
2 Wales
60%
2 Armenia
53%
1 Kosovo
53%
2 Kazakstan
47%
1 Kypros
40%
2 Pohjois-Irlanti
33%
Ehtoja vastaavia visoja ei löytynyt
Tulosjakauma
Jokaisen tuloksen saaneiden osuus
Persentiili vastausten määrän mukaan
Tuloshistoriasi
Et ole pelannut tätä visaa